000 00448nam a22001337a 4500
999 _c130424
_d130424
008 200318b ||||| |||| 00| 0 eng d
050 _aBS2506.T378
100 _aThekkekara, Mathew
_949708
245 _aThe face of early christianity
_ba study of the Pauline letters
_cMathew Thekkekara
260 _aBangalore
_bKJC Publications
_c1988
300 _axviii, 259p. ;
_c22cm.
650 _aEpistles of Pau;
_xCriticism
_949709
942 _2lcc
_cMONOGRAPH